Football hero / (Record no. 3471)

MARC details
000 -LEADER
fixed length control field 00788nam a22002417a 4500
001 - CONTROL NUMBER
control field 3471
003 - CONTROL NUMBER IDENTIFIER
control field FISKH
005 - DATE AND TIME OF LATEST TRANSACTION
control field 20240307155744.0
008 - FIXED-LENGTH DATA ELEMENTS--GENERAL INFORMATION
fixed length control field 240307b cb ||||| |||| 00| 0 eng d
040 ## - CATALOGING SOURCE
Original cataloging agency FISK
Language of cataloging eng
Transcribing agency FISK
Modifying agency FISK
050 ## - LIBRARY OF CONGRESS CALL NUMBER
Classification number PZ7.G826357
082 ## - DEWEY DECIMAL CLASSIFICATION NUMBER
Classification number 813.54
100 ## - MAIN ENTRY--PERSONAL NAME
Personal name Green Tim
Dates associated with a name 1963-
245 ## - TITLE STATEMENT
Title Football hero /
Statement of responsibility, etc. Tim Green
260 ## - PUBLICATION, DISTRIBUTION, ETC.
Place of publication, distribution, etc. New York :
Name of publisher, distributor, etc. Scholastic,
Date of publication, distribution, etc. 2009
300 ## - PHYSICAL DESCRIPTION
Extent 297 pages :
Dimensions 20 cm
505 ## - FORMATTED CONTENTS NOTE
Formatted contents note O
520 ## - SUMMARY, ETC.
Summary, etc. When twelve-year-old Ty's brother Thane is recruited out of college to play for the New York Jets, their Uncle Gus uses Ty to get insider information for his gambling ring, landing Ty and Thane in trouble with the Mafia.
521 8# - TARGET AUDIENCE NOTE
Target audience note 840
Source Lexile
700 ## - ADDED ENTRY--PERSONAL NAME
Personal name Tim Green
942 ## - ADDED ENTRY ELEMENTS (KOHA)
Source of classification or shelving scheme Dewey Decimal Classification
Koha item type Books
Suppress in OPAC No
Holdings
Withdrawn status Lost status Source of classification or shelving scheme Damaged status Not for loan Collection Home library Current library Shelving location Date acquired Total Checkouts Barcode Date last seen Date last checked out Copy number Price effective from Koha item type
    Dewey Decimal Classification     Fiction Footprints International School Library Network Toul Tom Poung Campus Footprints International School Library Network Toul Tom Poung Campus TTP Secondary Fiction Bookshelves 03/07/2024 1 2024-0293 08/28/2025 08/15/2025 1 03/07/2024 Books